002340000a220007300045001000038000002450044000383000057000827730021001391 aBeasley Murray, George R. (1916-)10aResurrection and parousia of son of man aVol. 2, Num. 42 (Noviembre, 1991), Páginas 296-3090 tTyndale Bulletin